<?xml version="1.0" encoding="UTF-8"?>
<record
    xmlns:xsi="http://www.w3.org/2001/XMLSchema-instance"
    xsi:schemaLocation="http://www.loc.gov/MARC21/slim http://www.loc.gov/standards/marcxml/schema/MARC21slim.xsd"
    xmlns="http://www.loc.gov/MARC21/slim">

  <leader>01523nam a2200277 c 4500</leader>
  <controlfield tag="003">DO-SdBNP</controlfield>
  <controlfield tag="005">20250116163337.0</controlfield>
  <controlfield tag="006">a||||fr|||| 00| 0 </controlfield>
  <controlfield tag="007">ta</controlfield>
  <controlfield tag="008">230928e1998    dr ||||| |||| 00| 0 spa d</controlfield>
  <datafield tag="040" ind1=" " ind2=" ">
    <subfield code="a">DO-SdBNP</subfield>
    <subfield code="b">spa</subfield>
    <subfield code="c">BNPHU</subfield>
    <subfield code="e">rda</subfield>
  </datafield>
  <datafield tag="082" ind1=" " ind2="4">
    <subfield code="2">22</subfield>
    <subfield code="b">R426s</subfield>
  </datafield>
  <datafield tag="110" ind1="1" ind2=" ">
    <subfield code="a">Rep&#xFA;blica Dominicana.</subfield>
    <subfield code="b">Secretar&#xED;a de Estado de Educaci&#xF3;n y Cultura</subfield>
    <subfield code="9">18697</subfield>
  </datafield>
  <datafield tag="245" ind1=" " ind2=" ">
    <subfield code="a">Sistema nacional de formaci&#xF3;n y desarrollo del personal directivo, docente, t&#xE9;cnico y administrativo del sector educativo dominicano:</subfield>
    <subfield code="b">(aprobado por el Consejo Nacional de Educaci&#xF3;n en su Sesi&#xF3;n de fecha 18 de diciembre de 1997). /</subfield>
    <subfield code="c">Presentaci&#xF3;n, Ligia Amada Melo de Cardona</subfield>
  </datafield>
  <datafield tag="246" ind1="1" ind2="4">
    <subfield code="a">Sistema nacional de formaci&#xF3;n y desarrollo del personal directivo, docente, t&#xE9;cnico y administrativo del sector educativo dominicano:</subfield>
    <subfield code="b">&#xA1;ha llegado la hora de la escuela!</subfield>
  </datafield>
  <datafield tag="264" ind1=" " ind2="1">
    <subfield code="a">Santo Domingo :</subfield>
    <subfield code="b">Centenario,</subfield>
    <subfield code="c">1998</subfield>
  </datafield>
  <datafield tag="300" ind1=" " ind2=" ">
    <subfield code="a">39 p&#xE1;gina ;</subfield>
    <subfield code="c">21 cm.</subfield>
  </datafield>
  <datafield tag="336" ind1=" " ind2=" ">
    <subfield code="2">rdacontent</subfield>
    <subfield code="a">texto</subfield>
    <subfield code="b">txt</subfield>
  </datafield>
  <datafield tag="337" ind1=" " ind2=" ">
    <subfield code="2">rdamedia</subfield>
    <subfield code="a">sin mediaci&#xF3;n</subfield>
    <subfield code="b">n</subfield>
  </datafield>
  <datafield tag="338" ind1=" " ind2=" ">
    <subfield code="2">rdacarrier</subfield>
    <subfield code="a">volumen</subfield>
    <subfield code="b">nc</subfield>
  </datafield>
  <datafield tag="500" ind1=" " ind2=" ">
    <subfield code="a">A&#xF1;o de la Modernizaci&#xF3;n y la Formaci&#xF3;n de Valores.</subfield>
  </datafield>
  <datafield tag="505" ind1=" " ind2=" ">
    <subfield code="a">Presentaci&#xF3;n.  Introducci&#xF3;n.</subfield>
    <subfield code="t">Los ejes del Proceso de Formaci&#xF3;n.-- 2. Meta de la Formaci&#xF3;n.-- Criterios para la Formaci&#xF3;n.-- 4. Grados Acad&#xE9;micos.-- 5 Programas Regulares.-- 6. Acuerdos Interinstitucionales.-- Criterios de los Programas.</subfield>
  </datafield>
  <datafield tag="590" ind1=" " ind2=" ">
    <subfield code="a">Inventariado 2023 / MF</subfield>
  </datafield>
  <datafield tag="700" ind1=" " ind2="2">
    <subfield code="a">Melo de Cardona, Ligia Amada,</subfield>
    <subfield code="9">27174</subfield>
    <subfield code="e">presentaci&#xF3;n</subfield>
  </datafield>
  <datafield tag="942" ind1=" " ind2=" ">
    <subfield code="2">ddc</subfield>
    <subfield code="c">LF2</subfield>
  </datafield>
  <datafield tag="952" ind1=" " ind2=" ">
    <subfield code="0">0</subfield>
    <subfield code="1">0</subfield>
    <subfield code="2">ddc</subfield>
    <subfield code="5">1</subfield>
    <subfield code="7">0</subfield>
    <subfield code="8">PD</subfield>
    <subfield code="a">BNPHU</subfield>
    <subfield code="b">BNPHU</subfield>
    <subfield code="c">CT</subfield>
    <subfield code="d">2014-12-28</subfield>
    <subfield code="e">Donado por Barbara Suncar</subfield>
    <subfield code="l">0</subfield>
    <subfield code="o">R426s</subfield>
    <subfield code="p">2023-6526</subfield>
    <subfield code="r">2023-09-28</subfield>
    <subfield code="w">2023-09-28</subfield>
    <subfield code="y">LF2</subfield>
  </datafield>
  <datafield tag="999" ind1=" " ind2=" ">
    <subfield code="c">54999</subfield>
    <subfield code="d">54999</subfield>
  </datafield>
</record>
